[Event "FIDE World Blitz 2014"]
[Site "Dubai UAE"]
[Date "2014.06.20"]
[Round "12.38"]
[White "Ringoir, Tanguy"]
[Black "Lenic, Luka"]
[Result "1-0"]
[WhiteTitle "IM"]
[BlackTitle "GM"]
[WhiteElo "2506"]
[BlackElo "2659"]
[WhiteFideId "208027"]
[BlackFideId "14603853"]
[EventDate "2014.06.19"]

1. d4 Nf6 2. c4 e6 3. Nc3 Bb4 4. Qc2 O-O 5. a3 Bxc3+ 6. Qxc3 b6 7. Bg5 Ba6 8.
Qf3 Nc6 9. e3 Na5 10. Rc1 c5 11. d5 exd5 12. Bxf6 Qxf6 13. Qxf6 gxf6 14. cxd5
Bxf1 15. Kxf1 Rfe8 16. Ne2 Nb7 17. Nf4 Kf8 18. Ke2 Nd6 19. h4 f5 20. h5 h6 21.
f3 Rac8 22. Kf2 c4 23. a4 Rc5 24. Rhd1 Rec8 25. Ne2 a6 26. Ra1 Ke7 27. Nc3 b5
28. axb5 axb5 29. Ra6 b4 30. Ne2 c3 31. bxc3 bxc3 32. Rc1 R8c7 33. Rb6 Rc8 34.
Ra6 R8c7 35. Rb6 Rc8 36. Ra6 Rc4 37. Nd4 R8c5 38. Ra3 f4 39. Ne2 fxe3+ 40. Kxe3
Nb5 41. Ra6 Rxd5 42. Rxh6 c2 43. g4 Rcc5 44. Rb6 Re5+ 45. Kf2 Red5 46. h6 Nc3
47. h7 Nd1+ 48. Kg3 Rc8 49. Rxc2 Rh8 50. Nf4 Re5 51. Rh6 Ne3 52. Rc3 Nd5 53. Rc5
Nxf4 54. Rxe5+ Ne6 55. f4 Kf8 56. f5 Nd4 57. Rd5 Nc6 1-0

[Event "FIDE World Blitz 2014"]
[Site "Dubai UAE"]
[Date "2014.06.20"]
[Round "12.39"]
[White "Andriasian, Zaven"]
[Black "Ghaem Maghami, Ehsan"]
[Result "1/2-1/2"]
[WhiteTitle "GM"]
[BlackTitle "GM"]
[WhiteElo "2611"]
[BlackElo "2582"]
[WhiteFideId "13302000"]
[BlackFideId "12500739"]
[EventDate "2014.06.19"]

1. e4 e5 2. Nf3 Nc6 3. Bc4 Nf6 4. d3 Be7 5. O-O O-O 6. a4 d6 7. h3 Be6 8. Nc3 h6
9. Nd5 Na5 10. Ba2 c5 11. c3 Rc8 12. Qe2 Re8 13. Nh2 Bf8 14. Be3 Nc6 15. Ng4
Nxg4 16. hxg4 Ne7 17. g5 Bxd5 18. exd5 hxg5 19. Bxg5 Qd7 20. a5 Ng6 21. g3 Be7
22. Bd2 Qh3 23. Qe4 f5 24. Qg2 Qh5 25. Bb3 Bg5 26. Bxg5 Qxg5 27. Ba4 Re7 28.
Rae1 f4 29. Qh3 Rd8 30. Bd1 fxg3 31. fxg3 Nf4 32. Qg4 Qxg4 33. Bxg4 Nxd5 34. Bf3
Nf6 35. g4 d5 36. g5 Nh7 37. c4 e4 38. cxd5 Nxg5 39. Bxe4 Nf7 40. Bf5 Rxe1 41.
Rxe1 Kf8 42. Be6 Nd6 43. Kf2 Ke7 44. Rg1 Kf6 45. Rh1 b6 46. a6 b5 47. Ke3 Rb8
48. Rf1+ Ke7 49. Rg1 Kf6 50. Rf1+ Ke7 51. Rc1 c4 52. Kd4 Rb6 53. dxc4 bxc4 54.
Rg1 Kf6 55. Rf1+ Ke7 56. Rg1 Kf8 57. Kc5 Rxa6 58. Rh1 Rb6 59. Rh8+ Ke7 60. Ra8
Rb5+ 61. Kd4 Rxb2 62. Rxa7+ Kf6 63. Kc5 c3 64. Kxd6 Rb6+ 65. Kd7 Ke5 66. Rc7 Kd4
67. d6 Ke5 68. Rc5+ Kd4 69. Rc4+ Ke5 70. Rc5+ Kd4 71. Rc8 Ke5 72. Bg8 Rxd6+ 73.
Ke7 Rd3 74. Bh7 Rg3 75. Bc2 Kd4 76. Rd8+ Kc5 77. Rc8+ Kd4 1/2-1/2

[Event "FIDE World Blitz 2014"]
[Site "Dubai UAE"]
[Date "2014.06.20"]
[Round "12.40"]
[White "Vahidov, Tair"]
[Black "Potkin, Vladimir"]
[Result "1/2-1/2"]
[WhiteTitle "GM"]
[BlackTitle "GM"]
[WhiteElo "2446"]
[BlackElo "2621"]
[WhiteFideId "14200155"]
[BlackFideId "4131061"]
[EventDate "2014.06.19"]

1. g3 d5 2. Bg2 Nf6 3. Nf3 c6 4. O-O Bf5 5. b3 e6 6. Bb2 Be7 7. d3 O-O 8. Nbd2
h6 9. Qe1 a5 10. e4 Bh7 11. a4 Na6 12. Qe2 Nb4 13. Rac1 Re8 14. h3 Qb6 15. Kh2
Qa6 16. Rfe1 Rad8 17. Kg1 Na2 18. Ra1 Nb4 19. Rac1 Qb6 20. Kh2 Na2 21. Ra1 Nb4
22. Rac1 Qc7 23. Kg1 b5 24. c3 Na6 25. e5 Nd7 26. axb5 cxb5 27. d4 Rb8 28. Bf1
Rec8 29. h4 Qb7 30. Ra1 Qb6 31. Qe3 Nc7 32. Bd3 Bxd3 33. Qxd3 Ra8 34. Reb1 Qc6
35. Ba3 b4 36. Bb2 Qb7 37. Ne1 Nb5 38. c4 dxc4 39. bxc4 Nc7 40. Ne4 Qc6 41. Nc2
a4 42. Ne3 Nb6 43. Bc1 Rd8 44. c5 Ncd5 45. cxb6 Nxb6 46. Nd6 Bxd6 47. exd6 Qxd6
48. Qb5 b3 49. Ba3 Qb8 50. Bc5 Nd7 51. Qxb8 Rdxb8 52. Nc4 Rb5 53. Na3 Rb7 54.
Kf1 e5 55. Rb2 exd4 56. Bxd4 Nf8 57. Rc1 Ne6 58. Be3 Nc7 59. Rc4 Nd5 60. Bd2 Rd7
61. Rd4 Nf6 62. Rxd7 Nxd7 63. Be3 Ne5 64. Ke2 f6 65. Bd4 Nc6 66. Bc3 Ne7 67. Rd2
Rc8 68. Bb2 Nc6 69. Rd5 Ra8 70. Rc5 Nb4 71. Rc4 Nd5 72. f3 h5 73. Kd3 Kf7 74.
Kd4 Rd8 75. Kc5 Ne3 76. Rxa4 Rd2 77. Bd4 Nf5 78. g4 hxg4 79. fxg4 Nxh4 80. Bc3
Rg2 81. Kc4 Rxg4+ 82. Kxb3 Rxa4 83. Kxa4 g5 84. Kb3 f5 85. Kc4 f4 86. Kd3 Ke6
87. Ke4 Nf5 88. Nb5 Ng3+ 89. Kf3 Kf5 90. Nd4+ Kg6 91. Ne6 Kf5 92. Nd4+ Kg6 93.
Ne6 1/2-1/2

[Event "FIDE World Blitz 2014"]
[Site "Dubai UAE"]
[Date "2014.06.20"]
[Round "12.41"]
[White "Vakhidov, Jahongir"]
[Black "Ganguly, Surya Shekhar"]
[Result "0-1"]
[WhiteTitle "IM"]
[BlackTitle "GM"]
[WhiteElo "2471"]
[BlackElo "2619"]
[WhiteFideId "14201801"]
[BlackFideId "5002150"]
[EventDate "2014.06.19"]

1. b3 d5 2. Bb2 Bg4 3. g3 Nd7 4. Bg2 c6 5. Nf3 Qc7 6. d4 Ngf6 7. Nbd2 e6 8. c4
Bd6 9. Rc1 O-O 10. O-O a5 11. c5 Be7 12. Re1 b6 13. cxb6 Qxb6 14. e4 dxe4 15.
Nxe4 Nxe4 16. Rxe4 Nf6 17. Re2 a4 18. bxa4 Nd5 19. h3 Bh5 20. g4 Bg6 21. Ne5
Rfc8 22. Nd7 Qa7 23. Ne5 Nf4 24. Nxc6 Rxc6 25. Bxc6 Rb8 26. d5 Bg5 27. Be5 Nxe2+
28. Qxe2 Rd8 29. Rd1 exd5 30. Bxd5 Re8 31. Qb2 Qxa4 32. Bb3 Qe4 33. Bg3 Qf3 34.
Qd2 Bxd2 0-1

[Event "FIDE World Blitz 2014"]
[Site "Dubai UAE"]
[Date "2014.06.20"]
[Round "12.42"]
[White "Sandipan, Chanda"]
[Black "Aleksandrov, Aleksej"]
[Result "1-0"]
[WhiteTitle "GM"]
[BlackTitle "GM"]
[WhiteElo "2594"]
[BlackElo "2554"]
[WhiteFideId "5004225"]
[BlackFideId "13500139"]
[EventDate "2014.06.19"]

1. d4 Nf6 2. Nf3 e6 3. Bf4 b6 4. e3 Bb7 5. Bd3 c5 6. O-O Be7 7. h3 O-O 8. Nbd2
Nc6 9. c3 cxd4 10. exd4 Re8 11. Qe2 Bf8 12. Bh2 d6 13. Rfe1 a6 14. Ne4 Nxe4 15.
Qxe4 g6 16. Qe3 Ne7 17. Rad1 Nd5 18. Qd2 b5 19. Bg3 h6 20. h4 Nb6 21. Nh2 h5 22.
Bf4 Rc8 23. Bg5 Qd7 24. Nf1 Bg7 25. Ng3 e5 26. dxe5 dxe5 27. Qe2 Qe6 28. a3 Nc4
29. Be4 Bxe4 30. Nxe4 f5 31. Ng3 a5 32. Nf1 a4 33. Ne3 Nxe3 34. Qxe3 Rc6 35. Rd2
Rd6 36. Red1 Rxd2 37. Qxd2 e4 38. Qd7 Qxd7 39. Rxd7 Rb8 40. Kf1 b4 41. axb4 a3
42. bxa3 Bxc3 43. Rd6 Kf7 44. Rc6 Bb2 45. Ra6 Rc8 46. Be3 Rc3 47. a4 Rb3 48. b5
Bc3 49. g3 Rb2 50. b6 Ke6 51. b7+ Kd7 52. Rxg6 Rxb7 53. Rh6 Rb1+ 54. Kg2 Ra1 55.
Rxh5 Ke6 56. Rh6+ Kf7 57. Ra6 Ra2 58. h5 Kg7 59. h6+ Kh7 60. Kh3 Bb4 61. Ra7+
Kg6 62. Rg7+ Kf6 63. Bd4+ Ke6 64. h7 1-0

[Event "FIDE World Blitz 2014"]
[Site "Dubai UAE"]
[Date "2014.06.20"]
[Round "12.45"]
[White "Breckenridge, Steven James"]
[Black "Adly, Ahmed"]
[Result "0-1"]
[WhiteTitle "FM"]
[BlackTitle "GM"]
[WhiteElo "2299"]
[BlackElo "2594"]
[WhiteFideId "2043700"]
[BlackFideId "10601619"]
[EventDate "2014.06.19"]

1. e4 c5 2. c3 d5 3. exd5 Qxd5 4. d4 Nc6 5. Nf3 cxd4 6. cxd4 e5 7. Nxe5 Nxe5 8.
dxe5 Bb4+ 9. Nc3 Bxc3+ 10. bxc3 Qxe5+ 11. Qe2 Qxe2+ 12. Bxe2 Nf6 13. Bf3 O-O 14.
O-O a5 15. Rb1 Be6 16. a3 Rac8 17. Rxb7 Bd5 18. Bxd5 Nxd5 19. Bd2 a4 20. Ra7 Rc4
21. Rb1 h6 22. g3 Rfc8 23. Rb5 Nf6 24. Be3 Ne4 25. Rbb7 Nd6 26. Rd7 Nb5 27. Rab7
R4c7 28. Rdxc7 Nxc7 29. c4 Ne6 30. Rb4 Ra8 31. c5 Kf8 32. f4 Ke8 33. f5 Nd8 34.
Rg4 Kf8 35. f6 g5 36. h4 Ne6 37. hxg5 hxg5 38. Bxg5 Ke8 39. Be3 Kd7 40. Rb4 Kc6
41. Rb6+ Kd5 42. Rb7 Ke4 43. Bf2 Rd8 44. Ra7 Kf3 45. Kf1 Rd1+ 46. Be1 Nxc5 47.
Re7 Ne4 48. Re5 Nxg3+ 49. Kg1 Ne2+ 50. Kf1 Ng3+ 51. Kg1 Ne4 52. Rf5+ Ke2 53. Kg2
Rxe1 54. Ra5 Ke3 55. Rxa4 Re2+ 56. Kh3 Kf4 57. Ra5 Ng5+ 0-1

[Event "FIDE World Blitz 2014"]
[Site "Dubai UAE"]
[Date "2014.06.20"]
[Round "12.46"]
[White "Sriram, Jha"]
[Black "Salgado Lopez, Ivan"]
[Result "0-1"]
[WhiteTitle "GM"]
[BlackTitle "GM"]
[WhiteElo "2375"]
[BlackElo "2622"]
[WhiteFideId "5001668"]
[BlackFideId "2257327"]
[EventDate "2014.06.19"]

1. Nf3 c5 2. g3 Nc6 3. c4 g6 4. Bg2 Bg7 5. O-O d6 6. Nc3 Bf5 7. d3 Qd7 8. Re1
Bh3 9. Bh1 h6 10. e3 Bg4 11. Qc2 Nf6 12. a3 O-O 13. b3 Qf5 14. Nh4 Qh5 15. f3
Bd7 16. Bb2 g5 17. Ng2 Ne5 18. Nf4 gxf4 19. exf4 Nxf3+ 20. Bxf3 Qxf3 21. Ne4
Nxe4 22. Bxg7 Kxg7 23. dxe4 Bc6 24. Rad1 Kg8 25. Rd2 Qg4 26. Qc3 Qg7 27. Qf3 f5
28. Qh5 Bxe4 29. Kf2 Rf6 30. Qd1 Bc6 31. Rde2 Rf7 32. Re6 Qg4 33. Qd3 Be4 34.
Qc3 Qg7 35. Qe3 Rf6 36. Rxf6 Qxf6 37. g4 Qh4+ 38. Ke2 Qxh2+ 0-1

[Event "FIDE World Blitz 2014"]
[Site "Dubai UAE"]
[Date "2014.06.20"]
[Round "12.47"]
[White "Zhigalko, Sergei"]
[Black "Glek, Igor"]
[Result "1-0"]
[WhiteTitle "GM"]
[BlackTitle "GM"]
[WhiteElo "2678"]
[BlackElo "2438"]
[WhiteFideId "13502956"]
[BlackFideId "4100484"]
[EventDate "2014.06.19"]

1. e4 c5 2. Nf3 e6 3. c3 d5 4. e5 Nc6 5. d4 Nh6 6. Bd3 cxd4 7. cxd4 Nf5 8. Bxf5
exf5 9. O-O Be7 10. Nc3 Be6 11. a3 g5 12. b4 f4 13. Ne1 Qd7 14. Qd2 Rc8 15. Bb2
b6 16. Rc1 Kf8 17. Ne2 Rg8 18. Nd3 Kg7 19. Rc3 Kh8 20. Rfc1 a5 21. b5 Na7 22. a4
Rxc3 23. Rxc3 Rc8 24. Ba3 Rxc3 25. Qxc3 Nc8 26. h4 h6 27. hxg5 hxg5 28. f3 Bxa3
29. Qxa3 Kg7 30. Qc3 Ne7 31. Kf2 Bf5 32. Ne1 Ng6 33. Qc1 Nf8 34. g3 fxg3+ 35.
Nxg3 Nh7 36. Qc6 Be6 37. Qxb6 g4 38. Qc6 Qd8 39. fxg4 Qh4 40. Nf3 Qxg4 41. Qc1
Bf5 42. Qg1 Kf8 43. Qh2 Qf4 44. Nxf5 Qxf5 45. Qh6+ Kg8 46. Kg3 Qe4 47. b6 Nf8
48. b7 Nd7 49. Qg5+ Kh7 50. Qh5+ Kg8 51. Qg4+ Qxg4+ 52. Kxg4 Kf8 53. Kf5 Ke7 54.
Ng5 Nb8 55. Kf4 Nc6 56. Ke3 Nd8 57. b8=Q 1-0

[Event "FIDE World Blitz 2014"]
[Site "Dubai UAE"]
[Date "2014.06.20"]
[Round "12.48"]
[White "Tissir, Mohamed"]
[Black "Kryvoruchko, Yuriy"]
[Result "0-1"]
[WhiteTitle "IM"]
[BlackTitle "GM"]
[WhiteElo "2380"]
[BlackElo "2707"]
[WhiteFideId "9000240"]
[BlackFideId "14109182"]
[EventDate "2014.06.19"]

1. e4 c5 2. Nc3 e6 3. Nf3 a6 4. d4 cxd4 5. Nxd4 Qc7 6. Bd3 Nf6 7. O-O d6 8. Qe2
Be7 9. f4 Nbd7 10. Kh1 b6 11. Bd2 Bb7 12. Rae1 Nc5 13. Rf3 d5 14. exd5 Nxd5 15.
Nxd5 Bxd5 16. Rff1 Nxd3 17. Qxd3 O-O 18. b3 Bf6 19. c4 Bb7 20. Bc3 Rad8 21. Qe3
Rfe8 22. Nf3 Bxc3 23. Qxc3 Qxf4 24. Ne5 Qg5 25. Rf2 f6 26. Nf3 Qc5 27. Rfe2 e5
28. Nh4 Qd4 29. Qg3 Qd3 30. Re3 Qc2 31. R3e2 Qd3 32. Re3 Qd7 33. Rf1 Kh8 34. Qf2
Qd2 35. Re2 Qd4 36. Qg3 Qd3 37. Qf2 Be4 38. Re3 Qd4 39. Nf3 Bxf3 40. Qxf3 h6 41.
Qg3 Qd2 42. Ref3 e4 43. R3f2 Qd3 44. Qg6 e3 45. Qxd3 Rxd3 46. Re2 f5 47. g3 Re5
48. Kg2 g5 49. Kf3 Re4 50. h3 h5 51. Rfe1 g4+ 52. hxg4 hxg4+ 53. Kg2 Kg7 0-1

[Event "FIDE World Blitz 2014"]
[Site "Dubai UAE"]
[Date "2014.06.20"]
[Round "12.49"]
[White "Omar, Noaman"]
[Black "Al Qudaimi, Basheer"]
[Result "1-0"]
[WhiteTitle "IM"]
[BlackTitle "IM"]
[WhiteElo "2366"]
[BlackElo "2396"]
[WhiteFideId "9300244"]
[BlackFideId "9400346"]
[EventDate "2014.06.19"]

1. d4 f5 2. c4 Nf6 3. g3 g6 4. Nf3 Bg7 5. b4 O-O 6. Bb2 a5 7. b5 c6 8. Nc3 d6 9.
Bg2 Qe8 10. O-O e5 11. bxc6 Nxc6 12. Nd5 Nxd5 13. cxd5 Nb4 14. dxe5 dxe5 15. a3
Na6 16. Rc1 Bd7 17. e4 Ba4 18. Qd2 b6 19. exf5 gxf5 20. Rfe1 e4 21. Bxg7 Kxg7
22. Nh4 Qe5 23. Qg5+ Kh8 24. Rxe4 Qf6 25. Qxf6+ Rxf6 26. Re7 Nc5 27. Bh3 f4 28.
Bf5 fxg3 29. hxg3 Raf8 30. Rxh7+ Kg8 31. Rh5 Bd7 32. Rg5+ Kf7 33. Bxd7 Nxd7 34.
Rc7 Rd6 35. f4 Ke8 36. Rg7 Nf6 37. Ra7 Rxd5 38. Rge7+ Kd8 39. Reb7 Rc5 40. Rb8+
Rc8 41. Rxc8+ Kxc8 42. Ra8+ Kd7 43. Rxf8 Ne4 44. Kg2 b5 45. Rb8 Kc6 46. g4 Nd2
47. g5 Nc4 48. g6 Ne3+ 49. Kf3 Nc2 50. g7 Nd4+ 51. Ke4 Ne6 52. g8=Q Nc5+ 53. Kf3 1-0

[Event "FIDE World Blitz 2014"]
[Site "Dubai UAE"]
[Date "2014.06.20"]
[Round "12.50"]
[White "Al-Sayed, Mohammed"]
[Black "Nezad, Husein Aziz"]
[Result "0-1"]
[WhiteTitle "GM"]
[BlackTitle "IM"]
[WhiteElo "2505"]
[BlackElo "2365"]
[WhiteFideId "12100196"]
[BlackFideId "12100293"]
[EventDate "2014.06.19"]

1. Nf3 d5 2. g3 g6 3. Bg2 Bg7 4. O-O e5 5. c4 dxc4 6. Qa4+ Nc6 7. Qxc4 Nge7 8.
d3 O-O 9. Nc3 h6 10. Bd2 Be6 11. Qa4 Qd7 12. Rfc1 Kh7 13. b4 f5 14. b5 Nd4 15.
Nxd4 exd4 16. Nd1 Bd5 17. Nb2 Bxg2 18. Kxg2 Nd5 19. Nc4 Rfe8 20. Qd1 Qxb5 21.
Rab1 Qa6 22. a4 Re7 23. Rc2 Rae8 24. Be1 Qxa4 25. Rxb7 Rxe2 26. Qxe2 Rxe2 27.
Rxe2 Qc6 0-1

[Event "FIDE World Blitz 2014"]
[Site "Dubai UAE"]
[Date "2014.06.20"]
[Round "12.51"]
[White "Debashis, Das"]
[Black "Faisal, Abdulla"]
[Result "1-0"]
[WhiteTitle "GM"]
[BlackTitle "CM"]
[WhiteElo "2484"]
[BlackElo "2270"]
[WhiteFideId "5024854"]
[BlackFideId "9301232"]
[EventDate "2014.06.19"]

1. d4 Nf6 2. c4 e6 3. Nf3 b6 4. Nc3 Bb7 5. Qc2 d5 6. Bg5 Be7 7. e3 O-O 8. Rc1 c5
9. cxd5 Nxd5 10. Bxe7 Qxe7 11. Nxd5 Bxd5 12. Bd3 Bxf3 13. gxf3 cxd4 14. Bxh7+
Kh8 15. Be4 Nd7 16. Bxa8 Rxa8 17. exd4 Nf6 18. O-O Nd5 19. Qe4 g6 20. Rfe1 Rd8
21. Rc6 Qb4 22. Rec1 Qxb2 23. Qh4+ Kg7 24. Qxd8 Nf4 25. R6c2 Ne2+ 26. Rxe2 Qxc1+
27. Kg2 Qg5+ 28. Qxg5 1-0

[Event "FIDE World Blitz 2014"]
[Site "Dubai UAE"]
[Date "2014.06.20"]
[Round "13.3"]
[White "Nepomniachtchi, Ian"]
[Black "Sargissian, Gabriel"]
[Result "1-0"]
[WhiteTitle "GM"]
[BlackTitle "GM"]
[WhiteElo "2730"]
[BlackElo "2686"]
[WhiteFideId "4168119"]
[BlackFideId "13300881"]
[EventDate "2014.06.19"]

1. e4 e5 2. Nf3 Nc6 3. d4 exd4 4. Nxd4 Bc5 5. Nxc6 bxc6 6. Bd3 d6 7. Qe2 Qe7 8.
Nd2 Nf6 9. Nb3 Bb6 10. a4 a5 11. Be3 Bxe3 12. Qxe3 O-O 13. O-O Be6 14. Nd4 c5
15. Nb5 c6 16. Nc3 Ng4 17. Qg3 Ne5 18. Be2 f5 19. f4 Ng6 20. Rae1 Qf6 21. Bh5
Bc4 22. Rf2 Rae8 23. Bxg6 Qxg6 24. Qxg6 hxg6 25. Rd2 d5 26. e5 d4 27. Nd1 Rb8
28. b3 Bd5 29. Nb2 Rfe8 30. Nd3 c4 31. bxc4 Bxc4 32. Nc5 Rb2 33. Red1 Bd5 34. h4
Kf8 35. Rf2 Rb4 36. Rfd2 Rb2 37. Rf2 Rb4 38. Rd3 Ke7 39. Rg3 Rc4 40. Nb7 Rb8 41.
Nd6 Rc3 42. Rxg6 Rb2 43. Rxg7+ Kf8 44. Rg5 Rcxc2 45. Rxc2 Rxc2 46. Rg3 Rd2 47.
h5 d3 48. h6 Rd1+ 49. Kf2 d2 50. Ke2 Rh1 51. Kxd2 Rxh6 52. Nxf5 Rh1 53. Ne3 Ra1
54. Nxd5 cxd5 55. Rd3 Rxa4 56. Ke3 Ra1 57. Rxd5 a4 58. Ra5 a3 59. Ke4 a2 60. Kf5
Ke7 61. g4 1-0

[Event "FIDE World Blitz 2014"]
[Site "Dubai UAE"]
[Date "2014.06.20"]
[Round "13.7"]
[White "Yudin, Sergei"]
[Black "Lu, Shanglei"]
[Result "1-0"]
[WhiteTitle "GM"]
[BlackTitle "GM"]
[WhiteElo "2546"]
[BlackElo "2546"]
[WhiteFideId "4159659"]
[BlackFideId "8603332"]
[EventDate "2014.06.19"]

1. e4 c5 2. Nf3 d6 3. c3 Nf6 4. Bd3 Nc6 5. h3 d5 6. e5 Nd7 7. Bb5 Qb6 8. Na3 e6
9. d3 a6 10. Ba4 Qc7 11. Bxc6 bxc6 12. Qe2 Be7 13. O-O O-O 14. Bf4 a5 15. Nc2
Rb8 16. Rab1 Ba6 17. Ne3 Rb6 18. Rfe1 Rfb8 19. Ng4 Qb7 20. Bc1 a4 21. Ra1 c4 22.
d4 c5 23. h4 cxd4 24. Nxd4 Nc5 25. Qf3 Nd3 26. Re3 Nxc1 27. Rxc1 Rxb2 28. Nf6+
Bxf6 29. exf6 Rb1 30. Rce1 Qb2 31. Qg3 g6 32. Qe5 Re8 33. Nc6 Rxe1+ 34. Rxe1 Qd2
35. Re3 a3 36. Ne7+ Kh8 37. Qg5 Qd1+ 38. Kh2 Qh5 39. Qxh5 gxh5 40. Nxd5 Rb8 41.
Nb4 Bb7 42. Re5 Rg8 43. f3 Rd8 44. Rb5 Ba8 45. Ra5 h6 46. Rxa3 Kh7 47. Ra7 Kg6
48. a4 Kxf6 49. a5 Bd5 50. a6 Rb8 51. Rc7 Ra8 52. a7 Ke5 53. Rxf7 Kd6 54. Kg3
Rg8+ 55. Kf2 Kc5 56. Rd7 Ba8 57. Rh7 Kb5 58. Rxh6 Ka4 59. Rxe6 Kb3 60. Re3 Rg7
61. Re8 Rxa7 62. Re3 Rd7 63. g4 Rd2+ 64. Kg3 hxg4 65. fxg4 Rg2+ 66. Kf4 Rf2+ 67.
Ke5 Rf3 68. Rxf3 Bxf3 69. Kd4 Bxg4 70. Nd5 Bh5 71. Nf6 Bf7 72. h5 1-0

[Event "FIDE World Blitz 2014"]
[Site "Dubai UAE"]
[Date "2014.06.20"]
[Round "13.8"]
[White "Aronian, Levon"]
[Black "Wojtaszek, Radoslaw"]
[Result "1-0"]
[WhiteTitle "GM"]
[BlackTitle "GM"]
[WhiteElo "2815"]
[BlackElo "2715"]
[WhiteFideId "13300474"]
[BlackFideId "1118358"]
[EventDate "2014.06.19"]

1. c4 Nf6 2. Nc3 e6 3. e4 d5 4. cxd5 exd5 5. e5 Ne4 6. d4 Nc6 7. Bb5 Bb4 8. Ne2
O-O 9. O-O Nxc3 10. bxc3 Be7 11. Nf4 Bg5 12. Bd3 Bxf4 13. Bxf4 Qh4 14. Qd2 Be6
15. Bg5 Qh5 16. f3 h6 17. Bf4 Rae8 18. Qf2 f5 19. exf6 Rxf6 20. Bxc7 Qf7 21. Be5
Nxe5 22. dxe5 Rf4 23. Qxa7 Rc8 24. Rab1 Qc7 25. Rxb7 Qxe5 26. Re7 Rf7 27. Rxf7
Bxf7 28. Qd4 Qxd4+ 29. cxd4 Rc3 30. Rd1 Ra3 31. Rd2 Kf8 32. Kf2 Ke7 33. Ke2 Ra4
34. Bb5 Rb4 35. a4 Kd6 36. Kd3 Bg6+ 37. Kc3 Rb1 38. Bd3 Bxd3 39. Rxd3 Ra1 40.
Kb3 Kc6 41. Rc3+ Kb6 42. Rc5 Rb1+ 43. Kc2 Rg1 44. g4 Rg2+ 45. Kd3 Rxh2 46. Rxd5
Kc6 47. Rc5+ Kd6 48. Rc2 Rh1 49. Ra2 Rd1+ 50. Ke3 Re1+ 51. Kf2 Re7 52. a5 Kd5
53. Ra4 1-0

[Event "FIDE World Blitz 2014"]
[Site "Dubai UAE"]
[Date "2014.06.20"]
[Round "13.10"]
[White "Amin, Bassem"]
[Black "Bacrot, Etienne"]
[Result "1/2-1/2"]
[WhiteTitle "GM"]
[BlackTitle "GM"]
[WhiteElo "2635"]
[BlackElo "2720"]
[WhiteFideId "10601457"]
[BlackFideId "605506"]
[EventDate "2014.06.19"]

1. Nf3 Nf6 2. g3 g6 3. Bg2 Bg7 4. O-O O-O 5. d3 c5 6. e4 d6 7. c3 Nc6 8. Re1 Rb8
9. h3 b5 10. a3 a5 11. d4 cxd4 12. cxd4 d5 13. e5 Ne4 14. Nbd2 Bf5 15. Nf1 b4
16. Nh4 bxa3 17. Rxa3 Qb6 18. f3 Nxd4 19. Be3 Qxb2 20. Rxa5 Nc2 21. fxe4 Nxe1
22. exf5 Nxg2 23. Nxg2 gxf5 24. Qxd5 e6 25. Qd4 Qxd4 26. Bxd4 Rfd8 27. Be3 Ra8
28. Rb5 Rdb8 29. Rxb8+ Rxb8 30. Bf4 Rb5 31. Kf2 Bxe5 32. Bxe5 Rxe5 33. Nfe3 Ra5
34. Kf3 Kg7 35. g4 fxg4+ 36. hxg4 h6 37. Nf4 Ra3 38. Ke4 Kf6 39. Nd3 Kg5 40. Ne5
Kf6 41. Nd7+ Kg5 42. Ne5 Ra4+ 43. Kf3 f5 44. gxf5 exf5 45. Nf7+ Kg6 46. Ne5+ Kf6
47. Nd3 h5 48. Nf4 h4 49. Nh3 Ra3 50. Kf4 Ra4+ 51. Kf3 Ke5 52. Ng5 Ra3 53. Kf2
Kf4 54. Nh3+ Ke5 55. Nc4+ Kf6 56. Nxa3 Ke5 57. Kf3 Kf6 58. Nc4 1/2-1/2

[Event "FIDE World Blitz 2014"]
[Site "Dubai UAE"]
[Date "2014.06.20"]
[Round "13.11"]
[White "Caruana, Fabiano"]
[Black "Movsesian, Sergei"]
[Result "1-0"]
[WhiteTitle "GM"]
[BlackTitle "GM"]
[WhiteElo "2791"]
[BlackElo "2672"]
[WhiteFideId "2020009"]
[BlackFideId "310204"]
[EventDate "2014.06.19"]

1. Nf3 d5 2. g3 c6 3. Bg2 Bg4 4. O-O Nd7 5. d3 Ngf6 6. Nbd2 e5 7. h3 Bh5 8. g4
Bg6 9. Nh4 Bd6 10. e3 Nf8 11. f4 N6d7 12. Qe1 f6 13. e4 d4 14. Nc4 Bc7 15. Nf5
Bxf5 16. exf5 Qe7 17. a4 exf4 18. Bxf4 Bxf4 19. Rxf4 Ne5 20. Rxd4 Nfd7 21. Nd6+
Kf8 22. a5 h5 23. Nxb7 hxg4 24. hxg4 Rb8 25. a6 c5 26. Rd6 g6 27. Re6 Qh7 28.
Qg3 gxf5 29. Rf1 Rg8 30. Rxf6+ Nxf6 31. Qxe5 Kg7 32. Rxf5 Rbf8 33. g5 Qh4 34.
Rxf6 Kh7 35. Be4+ Kg7 36. Rg6+ Kf7 37. Qe6# 1-0

[Event "FIDE World Blitz 2014"]
[Site "Dubai UAE"]
[Date "2014.06.20"]
[Round "13.14"]
[White "Mamedov, Rauf"]
[Black "Safarli, Eltaj"]
[Result "1/2-1/2"]
[WhiteTitle "GM"]
[BlackTitle "GM"]
[WhiteElo "2659"]
[BlackElo "2649"]
[WhiteFideId "13401653"]
[BlackFideId "13402129"]
[EventDate "2014.06.19"]

1. e4 e5 2. Nc3 Nf6 3. g3 d5 4. exd5 Nxd5 5. Bg2 Nxc3 6. bxc3 Bd6 7. Nf3 O-O 8.
O-O Nc6 9. d4 Bf5 10. Rb1 Rb8 11. Be3 b6 12. Re1 Re8 13. Nh4 Bd7 14. Nf3 Bf5 15.
Nh4 Bd7 16. Nf3 Bf5 17. Nh4 Bd7 18. Nf3 1/2-1/2

[Event "FIDE World Blitz 2014"]
[Site "Dubai UAE"]
[Date "2014.06.20"]
[Round "13.15"]
[White "Korobov, Anton"]
[Black "Cheparinov, Ivan"]
[Result "0-1"]
[WhiteTitle "GM"]
[BlackTitle "GM"]
[WhiteElo "2680"]
[BlackElo "2682"]
[WhiteFideId "14105730"]
[BlackFideId "2905540"]
[EventDate "2014.06.19"]

1. d4 Nf6 2. Nf3 g6 3. Bg5 Bg7 4. Nbd2 O-O 5. e4 d5 6. e5 Ne4 7. Bh4 c5 8. c3
cxd4 9. cxd4 Bg4 10. Be2 Nc6 11. h3 Bxf3 12. Nxf3 Qa5+ 13. Kf1 f6 14. e6 g5 15.
Bg3 Nxg3+ 16. fxg3 f5 17. Kg1 Nxd4 18. Nxd4 Qb6 19. Kh2 Bxd4 20. Bf3 Rad8 21.
Re1 Rf6 22. Qd2 f4 23. gxf4 gxf4 24. Bg4 Be3 25. Qe2 Qd6 26. Kh1 d4 27. Qd3 Kh8
28. a4 Rg8 29. Bf3 Qxe6 30. Ra3 Rh6 31. Kh2 Rg3 32. Rxe3 Qxh3+ 33. Kg1 Qh1+ 0-1

[Event "FIDE World Blitz 2014"]
[Site "Dubai UAE"]
[Date "2014.06.20"]
[Round "13.16"]
[White "Nguyen, Ngoc Truong Son"]
[Black "Volokitin, Andrei"]
[Result "1/2-1/2"]
[WhiteTitle "GM"]
[BlackTitle "GM"]
[WhiteElo "2621"]
[BlackElo "2638"]
[WhiteFideId "12401110"]
[BlackFideId "14107090"]
[EventDate "2014.06.19"]

1. d4 Nf6 2. Nf3 g6 3. Bf4 Bg7 4. e3 d6 5. Be2 Nh5 6. Bg5 h6 7. Bh4 g5 8. Nfd2
Nf4 9. exf4 gxh4 10. Nf3 c5 11. c3 cxd4 12. cxd4 Nc6 13. Nc3 Qb6 14. O-O Nxd4
15. Nd5 Qc5 16. Nxd4 Qxd5 17. Nb5 Qxd1 18. Rfxd1 O-O 19. Nc7 Rb8 20. Nd5 e6 21.
Ne7+ Kh8 22. Rxd6 Bxb2 23. Rb1 Ba3 24. Nxc8 Rbxc8 25. Rd3 Bc5 26. Rxb7 Bb6 27.
g3 h3 28. Bd1 Rc1 29. Kf1 Ra1 30. Rd2 Ba5 31. Rdd7 Bb6 32. Rd2 Ba5 33. Rdd7 Bb6
34. Rd2 Ba5 35. Rdd7 Bb6 36. Rd2 Ba5 37. Rdd7 Bb6 38. Rd2 Ba5 39. Rdd7 1/2-1/2